| 000 | 00557nam a2200229 a 4500 | ||
|---|---|---|---|
| 001 | nice12345678 | ||
| 003 | IN_TiNIC | ||
| 005 | 20260116011418.0 | ||
| 008 | 050524s1935 hyda grs 000 0 49g | ||
| 020 |
_a _c0 |
||
| 082 | 0 | 0 |
_a180 _bDEW |
| 100 | _aDewis, J F | ||
| 245 | _aJamhooriya-E-Aflatoon | ||
| 260 |
_aHyderabad _bOsmania University _c1935 |
||
| 300 | _a512p | ||
| 500 | _aincludes index and biblioraphy | ||
| 505 | 2 | _a4 Volume Bound in One Book | |
| 650 | _aPhilosophy-Greek-Plato | ||
| 902 | _bSRS | ||
| 942 | _cPS | ||
| 999 |
_c1314 _d1314 |
||